Перспективы применения суперконденсаторов; Интеллектуальные энергосистемы; Т. 3

Библиографические подробности
Источник:Интеллектуальные энергосистемы: труды V Международного молодёжного форума, 9-13 октября 2017 г., г. Томск/ Национальный исследовательский Томский политехнический университет (ТПУ), Энергетический институт (ЭНИН).— , 2017
Т. 3.— 2017.— [С. 218-220]
Главный автор: Мясоедов С. В.
Автор-организация: МАОУ Гимназия № 8, г. Томск
Другие авторы: Якухина Е. В. (научный руководитель), Попов М. В.
Примечания:Заглавие с титульного экрана
Язык:русский
Опубликовано: 2017
Серии:Мой первый шаг в науку (для школьников)
Предметы:
Online-ссылка:http://earchive.tpu.ru/handle/11683/45978
Формат: Электронный ресурс Статья
Запись в KOHA:https://koha.lib.tpu.ru/cgi-bin/koha/opac-detail.pl?biblionumber=625801

MARC

LEADER 00000naa2a2200000 4500
001 625801
005 20231101133400.0
035 |a (RuTPU)RU\TPU\conf\25061 
035 |a RU\TPU\conf\25052 
090 |a 625801 
100 |a 20171220d2017 k y0rusy50 ca 
101 0 |a rus 
102 |a RU 
105 |a y z 101zy 
135 |a drgn ---uucaa 
181 0 |a i  
182 0 |a b 
200 1 |a Перспективы применения суперконденсаторов  |f С. В. Мясоедов, Е. В. Якухина  |g науч. рук. М. В. Попов 
203 |a Текст  |c электронный 
225 1 |a Мой первый шаг в науку (для школьников) 
230 |a 1 компьютерный файл (pdf; 339 Kb) 
300 |a Заглавие с титульного экрана 
320 |a [Библиогр.: с. 219-220 (5 назв.)] 
461 1 |0 (RuTPU)RU\TPU\conf\24578  |t Интеллектуальные энергосистемы  |o труды V Международного молодёжного форума, 9-13 октября 2017 г., г. Томск  |o в 3 т.  |f Национальный исследовательский Томский политехнический университет (ТПУ), Энергетический институт (ЭНИН)  |d 2017 
463 1 |0 (RuTPU)RU\TPU\conf\24584  |t Т. 3  |v [С. 218-220]  |d 2017 
610 1 |a электронный ресурс 
610 1 |a суперконденсаторы 
610 1 |a перспективы 
610 1 |a хранение 
610 1 |a передача энергии 
610 1 |a нанокомпозитные материалы 
610 1 |a углеродные материалы 
700 1 |a Мясоедов  |b С. В. 
701 1 |a Якухина  |b Е. В. 
702 1 |a Попов  |b М. В.  |4 727 
712 0 2 |a МАОУ Гимназия № 8, г. Томск 
801 2 |a RU  |b 63413507  |c 20180119  |g RCR 
856 4 |u http://earchive.tpu.ru/handle/11683/45978 
942 |c BK